000 01025cam a2200289 i 4500
001 3448566
003 EG-ScBUE
005 20250617104246.0
008 920207r20072001ii a f b 001 0 eng d
020 _a9788122413007
020 _a8122413005
040 _aDLC
_beng
_erda
_cDLC
_dDLC
_dEG-ScBUE
082 0 4 _a539.60287
_222
_bGUP
100 1 _aGupta, Mool Chand,
_eauthor.
245 1 0 _aAtomic and molecular spectroscopy /
_cMool Chand Gupta.
250 _aReprint edition.
264 1 _aNew Delhi :
_bNew age international,
_c2007.
300 _a466 pages :
_billustrations ;
_c24 cm
336 _2rdacontent
_atext
_btxt
337 _aunmediated
_2rdamedia
_bn
338 _avolume
_bnc
_2rdacarrier
504 _aIncludes bibliographical references and index.
650 7 _aAtomic spectroscopy.
_2BUEsh
655 _vReading book
942 _2ddc
_cBB
999 _c10599
_d10599